Fantasy Movies by Year - Statistics

General Stats
  • This quiz has been taken 102 times
  • The average score is 9 of 20
Answer Stats
Year Characters Movie % Correct
1946 Belle, Beast Beauty and the Beast
91%
1939 Dorothy Gale, Cowardly Lion The Wizard of Oz
91%
2001 Aragorn, Frodo Baggins The Lord of the Rings: The Fellowship of the Ring
69%
2002 Aragorn, Frodo Baggins The Lord of the Rings: The Two Towers
68%
2003 Aragorn, Frodo Baggins The Lord of the Rings: The Return of the King
64%
2001 Ron Weasley, Hermoine Granger Harry Potter and The Sorcerer's Stone
62%
2010 Alice, Mad Hatter Alice in Wonderland
53%
2005 Aslan, Lucy Pevensie Narnia: The Lion, the Witch and the Wardrobe
46%
2004 Ron Weasley, Hermoine Granger Harry Potter and The Prisoner of Azkaban
42%
2011 Ron Weasley, Hermoine Granger Harry Potter and The Deathly Hallows (Part 2)
38%
2007 Ron Weasley, Hermoine Granger Harry Potter and The Order of the Phoenix
38%
2012 Bilbo Baggins, Thorin Oakenshield The Hobbit: An Unexpected Journey
33%
2013 Bilbo Baggins, Thorin Oakenshield The Hobbit: The Desolation of Smaug
33%
2016 Newt Scamander, Grindelwald Fantastic Beasts and Where to Find Them
32%
1987 Buttercup, Wesley The Princess Bride
32%
2014 Bilbo Baggins, Thorin Oakenshield The Hobbit: The Battle of the five Armies
24%
1984 Bastian But, Atreyu The NeverEnding Story
24%
1986 Sarah Williams, Jareth Labyrinth
23%
2006 Ofelia, Pale Man Pan's Labyrinth
14%
2016 Garona Halforcen, Anduin Lothar Warcraft
5%
No matching quizzes found
Score Distribution
Percent of People with Each Score
Percentile by Number Answered
Your Score History
You have not taken this quiz